LEADER 00839cam0-22003011i-450- 001 990005991480403321 005 19980601 035 $a000599148 035 $aFED01000599148 035 $a(Aleph)000599148FED01 035 $a000599148 100 $a19980601d1959----km-y0itay50------ba 101 0 $ager 102 $aDE 105 $ay-------001yy 200 1 $a<>Dogmatik der Unterlassungdelikte$fvon Armin Kaufmann 210 $aGöttingen$cVerlag Otto Schwartz & Co.$d1959 215 $aXVI, 338 p.$d22 cm 676 $a364.1$v20$zita 700 1$aKaufmann,$bArmin$0227980 801 0$aIT$bUNINA$gRICA$2UNIMARC 901 $aBK 912 $a990005991480403321 952 $aXII C 445$b60516$fFGBC 952 $aXII C 446$b60953$fFGBC 959 $aFGBC 996 $aDogmatik der Unterlassungdelikte$9580750 997 $aUNINA LEADER 01312cam--2200361---450 001 990001446210203316 005 20220412100450.0 035 $a000144621 035 $aUSA01000144621 035 $a(ALEPH)000144621USA01 035 $a000144621 100 $a20040223d1956----km-y0itay5003----ba 101 0 $amul$aita 102 $aIT 105 $aaf||||||001yy 200 1 $a<> Goti in occidente$eproblemi$esettimane di studio del Centro italiano di studi sull'alto Medioevo, III$e29 marzo-5 aprile 1955 210 $aSpoleto$cpresso la sede del Centro$d1956 215 $a695 p., [22] carte di tav.$cill.$d22 cm 225 2 $aAtti delle settimane di studio$fCentro italiano di studi sull'alto Medioevo$v3 410 0$12001$aAtti delle settimane di studio$fCentro italiano di studi sull'alto Medioevo$v3 606 0 $aGoti$xAtti di congressi$2BNCF 676 $a940.08939 710 02$aCentro italiano di studi sull'alto Medioevo$0172535 801 0$aIT$bsalbc$gISBD 912 $a990001446210203316 951 $aX.1.B. 471/3(XI B atti cont. 1/3)$b43753 L.M.$cX.1. 951 $aX.1.B. 471/3a(XI B atti cont. 1/3 BIS)$b4835 L.M.$cX.1.$d487721 951 $aA II a 3$b2592 DLM$cA II 959 $aBK 969 $aDILAM 969 $aUMA 996 $aGoti in Occidente$9165845 997 $aUNISA LEADER 01158nam a2200337 i 4500 001 991000777669707536 005 20020507173446.0 008 940310s1988 uk ||| | eng 020 $a0131659456 (pbk.) 035 $ab10755846-39ule_inst 035 $aLE01302163$9ExL 040 $aDip.to Matematica$beng 082 0 $a004 084 $aAMS 68Q 084 $aCR F.0 084 $aQA76.G589 100 1 $aGoldschlager, Les$0534977 245 10$aComputer science :$ba modern introduction /$cLes Goldschlager, Andrew Lister 250 $a2nd ed. 260 $aHemel Hempstead :$bPrentice Hall,$c1988 300 $axiii, 330 p. :$bill. ;$c23 cm 490 0 $aPrentice Hall International series in computer science 500 $aIncludes bibliographies and index 650 0$aComputer science 700 1 $aLister, Andrew Martin 907 $a.b10755846$b23-02-17$c28-06-02 912 $a991000777669707536 945 $aLE013 68Q GOL11 (1988)$g1$i2013000288352$lle013$o-$pE0.00$q-$rl$s- $t0$u0$v0$w0$x0$y.i10850120$z28-06-02 996 $aComputer science$9911193 997 $aUNISALENTO 998 $ale013$b01-01-94$cm$da $e-$feng$guk $h0$i1